000 00778nam a22002654a 4500
001 UByD004221
003 AR-LpoUNG
005 20260108121459.0
008 250925s2023 ag gr 000 1 spa d
020 _a9789877804256
040 _aAR-LpoUNG
_bspa
_cAR-LpoUNG
_eaacr
041 0 _aspa
082 0 _aA863 215lug
100 1 _aCáncer, Luciana
245 1 3 _aUn lugar guardado para algo
250 _a1ra. ed.
260 _aBuenos Aires :
_bEdiciones B,
_c2023.
300 _a252 p.
490 0 _aIdentidades bonaerenses
650 4 _aLiteratura argentina
650 4 _aNarrativa
650 4 _aNovelas
942 _2ddc
_cLIB
999 _c67212
_d67212